Online Catalogue and eLibrary

Coping with caesarean and other difficult births (Record no. 3009)

MARC details
000 -LEADER
fixed length control field 00438nam a2200169Ia 4500
005 - DATE AND TIME OF LATEST TRANSACTION
control field 20240821075922.0
008 - FIXED-LENGTH DATA ELEMENTS--GENERAL INFORMATION
fixed length control field 240331s9999 xx 000 0 und d
082 ## - DDC Classification
Item Number - Author Mark REA
Class No. 613
100 ## - MAIN ENTRY--PERSONAL NAME
Personal name Reader, F. and Savage, W
245 #0 - TITLE STATEMENT
Title Coping with caesarean and other difficult births
260 ## - PUBLICATION, DISTRIBUTION, ETC.
Place of publication, distribution, etc. New Delhi
Name of publisher, distributor, etc. Family Books Pvt. Ltd.
Date of publication, distribution, etc. 1983
300 ## - PHYSICAL DESCRIPTION
Extent (e.g. Volumes, Pages etc.) 102 p .,
650 ## - SUBJECT ADDED ENTRY--TOPICAL TERM
Topical term or geographic name entry element Labor
650 ## - SUBJECT ADDED ENTRY--TOPICAL TERM
Topical term or geographic name entry element Motherhood
650 ## - SUBJECT ADDED ENTRY--TOPICAL TERM
Topical term or geographic name entry element Women
942 ## - Koha item type (Biblio)
Koha item type Books in Stacks (Lending)
Holdings
Lost status Damaged status Collection code Home library Current library Shelving location Date acquired Full call number Accession Number Item type
    Lending WERC Library WERC Library Social Science Cupboard 03/31/2024 613 REA 1012 Books in Stacks (Lending)

© WERC Library